| 000 | 01739nam0a22003731 4500 | ||
|---|---|---|---|
| 001 | rc\88094 | ||
| 005 | 20250620174844.0 | ||
| 035 | _a(NLR Aleph) 005355315 | ||
| 090 |
_a6840669 _c6840669 |
||
| 100 | _a20021216d1992 |||y0rusy50 ca | ||
| 101 | 0 | _arus | |
| 102 | _aRU | ||
| 105 | _aa ||||||||| | ||
| 200 | 1 |
_aПУЛЬС Нерюнгри _e[Сб. стихов поэтов лит. об-ния "Пульс" _fСост.: В.А. Дмитриев, В.И. Макогонов] |
|
| 210 |
_aЯкутск _cЯНЦ СО РАН _d1992 |
||
| 215 |
_a152 с. _cил., портр. _d20 |
||
| 300 | _aЗагл. обл.: Нерюнгри | ||
| 327 | 0 | _aСодерж.: Авт.: И. Ермакова, И. Нелюбов, Н. Лозина, В. Кривицкий, А. Лузанов, В. Дмитриев, В. Макогонов, Л. Груздева, О. Никулина, Б. Воронин и др. | |
| 464 | 0 |
_1700#1$aЕрмакова$bИ. _aЕрмакова, И. |
|
| 464 | 0 |
_1700#1$aНелюбов$bИ. _aНелюбов, И. |
|
| 464 | 0 |
_1700#1$aЛозина$bН. _aЛозина, Н. |
|
| 464 | 0 |
_1700#1$aКривицкий$bВ. _aКривицкий, В. |
|
| 464 | 0 |
_1700#1$aЛузанов$bА. _aЛузанов, А. |
|
| 464 | 0 |
_1700#1$aДмитриев$bВ. _aДмитриев, В. |
|
| 464 | 0 |
_1700#1$aМакогонов$bВ. _aМакогонов, В. |
|
| 464 | 0 |
_1700#1$aГруздева$bЛ. _aГруздева, Л. |
|
| 464 | 0 |
_1700#1$aНикулина$bО. _aНикулина, О. |
|
| 464 | 0 |
_1700#1$aВоронин$bБ. _aВоронин, Б. |
|
| 702 | 1 |
_aДмитриев _bВ.А. _f1953- _gВалерий А. _4220 |
|
| 801 | 0 |
_aRU _bNLR _gpsbo |
|
| 801 | 1 |
_aRU _bELAR _2rusmarc |
|
| 852 |
_aNLR _j94-3/476 |
||
| 942 | _cBOOK | ||
| 980 | _aNB | ||